00638 a2200181 4500003000400000005001700004008004100021020001800062040000900080082001700089100002600106245008300132260004300215300000900258942004000267952013200307999001700439OSt20231127155948.0231127b |||||||| |||| 00| 0 eng d a9789327264531 coclc a595.7bDHA/E1 aDhaliwal, G. S.99956 aEssentials of Agricultural Entomology /cG S Dhaliwal, Ram Singh, B S Chhillar aNew Delhi:bKalyani Publishers,c2016. a464p 2ddccBKh595.7iDHA/Ek595.7mDHA/E 00102ddc40708ZOOLOGYaMESbMEScZOOd2023-11-27l0o595.7 DHA/Ep43876r2023-11-27 16:01:37v425.00w2023-11-27yBKzGL19R2 c43699d43699